| 000 | 01159nam a2200241 a 4500 | ||
|---|---|---|---|
| 005 | 20141211161502.0 | ||
| 008 | 140128b2007 ck ||||| |||| 00| 0 spa d | ||
| 040 | _cCO-BoIH | ||
| 041 | _aspa | ||
| 044 | _ack | ||
| 090 |
_aIAVH _b00892 |
||
| 100 |
_aLaverde G., Gladis Naydú _95545 |
||
| 245 | _aLecciones aprendidas en formulación e implementación de los planes de manejo en los seis parques naturales focalizados por el proyecto Andes | ||
| 260 |
_aBogotá _bInstituto Alexander von Humboldt _c2007 |
||
| 300 | _a105 p. | ||
| 520 | _aHace una recopilación y síntesis de los resultados obtenidos en la aplicación de las diferentes herramientas para la identificación de aprendizajes en el marco del proyecto Conservación y uso sostenible de la biodiversidad en los Andes Colombiano. La sistematización de aprendizajes es una reflexión analítica sobre el desarrollo del proyecto sus resultados, dificultades y lecciones aprendidas | ||
| 650 |
_aPlanes de manejo _930121 |
||
| 650 |
_aFormulación _95547 |
||
| 650 |
_aParques Nacionales Naturales _930122 |
||
| 650 |
_aImplementación _930123 |
||
| 942 |
_cINFORME _2z |
||
| 945 | _d2008-09-11 | ||
| 999 |
_c6579 _d6579 |
||